Statistics for Super Mario Kart Characters

Click here to take the quiz!

General Stats

  • This quiz has been taken 397 times
  • The average score is 7 of 8

Answer Stats

Answer% Correct
Mario
100%
Luigi
99%
Princess Peach
99%
Bowser
97%
Toad
91%
Yoshi
90%
Koopa Troopa
75%
Donkey Kong Jr
47%

Score Distribution

Percentile by Number Answered

Percent of People with Each Score

Your Score History

You have not taken this quiz